Eating Less is Making You Fat: (Record no. 206011)

MARC details
000 -LEADER
fixed length control field 00698nam a22001937a 4500
005 - DATE AND TIME OF LATEST TRANSACTION
control field 20240930120220.0
010 ## - LCCN (DPL NO)
LC control number ENG-141812
020 ## - INTERNATIONAL STANDARD BOOK NUMBER
International Standard Book Number 9789393701558
Terms of availability 499.00
035 ## - SYSTEM CONTROL NUMBER
System control number EN-125344
037 ## - SOURCE OF ACQUISITION
Source of stock number/acquisition DBAD
082 ## - DEWEY DECIMAL CLASSIFICATION NUMBER
Classification number 613.25
100 ## - MAIN ENTRY--PERSONAL NAME
Personal name Thakkar, Vijay
245 ## - TITLE STATEMENT
Title Eating Less is Making You Fat:
Remainder of title How to Lose Weight Without Starving/
Statement of responsibility, etc By Vijay Thakkar [and] Forword By Hrithik Roshan
260 ## - PUBLICATION, DISTRIBUTION, ETC. (IMPRINT)
Place of publication, distribution, etc Gurugram
Name of publisher, distributor, etc Hachelle Book Publishing India Pvt Ltd
Date of publication, distribution, etc 2023
270 ## - ADDRESS
Address 4th & 5th Floor, Corporate Centre, Plot No. 94, Sector 44
City Gurugram
Postal code 122003
300 ## - PHYSICAL DESCRIPTION
Extent 373p.
Dimensions 20cm.(pb)
700 ## - ADDED ENTRY--PERSONAL NAME
Personal name Roshan, Hrithik
Relator term Forword
9 (RLIN) 72190
942 ## - ADDED ENTRY ELEMENTS (KOHA)
Source of classification or shelving scheme Dewey Decimal Classification
Item type English Books
Classification part 613.25
Call number suffix THA
Holdings
Withdrawn status Lost status Not for loan Collection code Home library Current library Date acquired Source of acquisition Cost, normal purchase price Full call number Barcode Copy number Cost, replacement price Koha item type
    Not For Loan Non-fiction D.B.Act.Division D.B.Act.Division 30/09/2024 Delivery of Books Act Division 499.00 613.25 THA EN-125344 1 499.00 English Books

© Delhi Public Library
Hit Counter
free hit counter